000 01162 a2200229 4500
001 45449
005 20260407155727.0
008 260407a2017 arg spa d
003 AR-UNSa-BCEJYS
040 _aAR-UNSa-BCEJYS
_bspa
_cAR-UNSa-BCEJYS
080 _a342.7
_xDerechos fundamentales. Derechos humanos. Derechos y deberes de los ciudadanos (Derecho a la Salud, vivienda)
245 1 0 _aEstudios acerca del derecho de la salud II
020 _a978-987-03-3400-2
264 1 _aBuenos Aires :
_bUniversidad de Buenos Aires. Facultad de Derecho. Departamento de Publicaciones
_c2017
300 _axxxvi, 462 p.
_c24 cm.
505 _a1. Conceptos fundamentales del derecho de la salud - 2. Los derechos del paciente y la atención sanitaria - 3. Bioética, bioderecho e investigación en seres humanos - 4. Judicialización y conflictología sanitaria - 5. La salud y sus determinantes - 6. Los desafíos del derecho de la salud.
041 _aspa
942 _cBK
590 _aniveau_biblio:m niveau_hierar:0
100 1 _aAizenberg, Marisa S.
856 4 1 _uhttps://www.biblioeco.unsa.edu.ar/pmb/images/libros/L127108.jpg
_yImagen de portada
_qimage/jpeg
999 _c3929
_d3929